Number of MLB Teams by State - Whammies - Statistics

General Stats
  • This quiz has been taken 31 times
  • The average score is 15 of 20
Answer Stats
State Team(s) # Teams % Correct
Florida Marlins, Rays 2
100%
Arizona Diamondbacks 1
92%
Texas Astros, Rangers 2
92%
Washington Mariners 1
88%
Illinois Cubs, White Sox 2
88%
Ohio Guardians, Reds 2
84%
New York Mets, Yankees 2
84%
California Angels, A's, Dodgers, Giants, Padres 5
80%
North Carolina 0
72%
Indiana 0
72%
Georgia Braves 1
72%
Michigan Tigers 1
68%
Pennsylvania Phillies, Pirates 2
68%
Hawaii 0
64%
Nevada 0
64%
Minnesota Twins 1
64%
Massachusetts Red Sox 1
64%
Colorado Rockies 1
64%
Wisconsin Brewers 1
64%
Missouri Cardinals, Royals 2
64%
No matching quizzes found
Score Distribution
Percent of People with Each Score
Percentile by Number Answered
Your Score History
You have not taken this quiz